000 01192cam a22001934a 4500
005 20250605164043.0
008 250528s ||||||||||||||||||||||||d
035 _a17037
020 _a921689349
040 _aGR-AtMCL
_bgre
_dGR-AtMCL
_eAACR2
245 1 _aLanguage and Politics
300 _a784
520 _aMany people who read Noam Chomsky are surprised to discover that he can be at his best dealing extemporaneously with questions. The Intellectual as Prophet, The Creative Experience, Linguistics and Politics, Language and Behaviorist Psychology, Materialism in Linguistics and the Morality Criterion, Language Theory and the Theory of Justice, Language and the Human Mind, U.S. Defense Responsibility?, Human Rights and the American Foreign Policy, The Intelligence Identities Protection Act, The Lessons of the Vietnam War, Politics and Science, The Manufacture of Consent, American Middle East Policy, Aspects of a Theory of Mind, Alternatives to the Cold War, The First Prime Time Bombing in History, No Stone Left Unturned, The Plague of the Modern Age.
700 1 _aChomsky Noam
_9225
942 _cBK
260 _bBlack Rose Books
999 _c2477
_d2477